000 00286nam a22001337a 4500
008 171228b xxu||||| |||| 00| 0 eng d
020 _a9781890871871
041 _aeng
080 _a781
100 _a45
101 _aMUZ
245 _aVIDEO PRODUCTION
_cGROSS, L.S
942 _2udc
_cBK
999 _c39541
_d39541